| 000 | 00789 a2200241 4500 | ||
|---|---|---|---|
| 005 | 20241218140739.0 | ||
| 010 | _aENG-143079 | ||
| 020 |
_c500.00 _a9789380599854 |
||
| 035 | _aEN-126611 | ||
| 037 | _bDBAD | ||
| 082 | 1 | 4 | _a510 |
| 100 |
_aMukherjee, M.N. _975377 |
||
| 245 | 1 |
_aRudiments of Mathematics/ _cby M.N. Mukherjee..[et.al] |
|
| 250 | _a8 | ||
| 260 |
_aKolkata _bAcademic Publishers _c2013 |
||
| 270 |
_a5A, Bhawani Dutta Lane _bKolkata _e700 073 _macabooks@cal.vsnl.net.in |
||
| 300 |
_avpp _c24 cm (Pbk) |
||
| 500 | _afor W. B. joint entrance and other competitive examinations | ||
| 700 |
_aMukhopadhyay, P. _eAuthor _975378 |
||
| 700 |
_aRoy, S. Sinha _eAuthor _975379 |
||
| 700 |
_aDasgupta, U. _eAuthor _975380 |
||
| 942 |
_adpl _cEN _2ddc _h510 _mMUK _e8 |
||
| 999 |
_c207803 _d207803 |
||